The Batman (2022) All Characters - Statistics

General Stats
  • This quiz has been taken 85 times
  • The average score is 6 of 9
Answer Stats
Actor or Actress Character % Correct
Robert Pattinson The Batman/ Bruce Wayne
100%
Zoe Kravitz Catwoman/ Selina Kyle
93%
Paul Dano The Riddler/ Edward Nigma
93%
Colin Farrell The Penguin/ Oswald Cobblepot
88%
Barry Keoghan The Joker
72%
Andy Serkis Alfred Pennyworth
61%
John Turturro Carmine Falcone
39%
Peter Sarsgaard D.A. Gil Colson
5%
Jeffrey Wright Lt. Jim Gordon
5%
No matching quizzes found
Score Distribution
Percent of People with Each Score
Percentile by Number Answered
Your Score History
You have not taken this quiz